000 01420 a2200217 4500
001 30297
005 20260407155615.0
008 260407a1966 arg spa d
003 AR-UNSa-BCEJYS
040 _aAR-UNSa-BCEJYS
_bspa
_cAR-UNSa-BCEJYS
080 _a657.6
_xAuditoria (control interno)
245 1 0 _aPrincipios básicos de auditoría
264 1 _aMéxico :
_bCECSA (Compañia Editorial Continental)
_c1966
300 _a460 p.
_c23 cm.
505 _a1. Auditoria y sus informes - 2. Control interno: Un programa de auditoria, iniciacion de una auditoria - 3. Papeles de trabajo de una auditoria - 4. Examen de los registros y evidencias originales - 5. Caja - 6. Cuentas y documentos por cobrar, ingresos relacionados y pérdidas por tiempo - 7. Inversiones e ingresos relacionados - 8. Inventarios y costos de ventas - 9. Pagos anticipados y gastos relacionados - 10. Activo fijo y gastos relacionados - 11. Activos intagibles - 12. Pasivo circulante - 13. Pasivos a largo plazo - 14. Capital contable - 15. Consideraciones adicionales sobre los ingresos y gastos - 16. Conclusión de una auditoria, eventos subsecuentes a los estados financieros - 17. Responsabilidades legales de los contadores profesionales, requisitos de la S.E.C.
942 _cBK
590 _aniveau_biblio:m niveau_hierar:0
100 1 _aHolmes, Arthur W.
700 1 _aVasseur Walls, Alfonso
700 1 _aBlanes Prieto, Joaquín
999 _c2089
_d2089